• 首页
  • 本馆介绍
  • 公告通知
  • 最新文献
  • 馆藏检索
  • 电子资源
  • 读者导购
  • 参考咨询
  • 我的图书馆
  • 登录
  • 详细信息显示
  • 放入我的书架
  • 预约/预借图书
  • 作者相关作品
  • 分类相关作品
  • 丛书相关作品
  • 出版社相关作品

书目信息

  • 表格格式
  • 工作单格式
  • 卡片格式
题名:
《伤寒杂病论》诵读口袋书
    
 
作者: 张仲景 著
分册:  
出版信息: 北京   中国中医药出版社  2016
页数: 224页
开本: 14cm
丛书名:
单 册:
中图分类: R222.19 , R222
科图分类:
主题词:
电子资源:
ISBN: 978-7-5132-3272-2
000 00831nam0 2200241 450
001 1655669093
005 20160705125520.0
010    @a978-7-5132-3272-2@dCNY15.00
100    @a20160608d2016 em y0chiy0110 ea
101 0  @achi
102    @aCN@b110000
105    @ay z 000yy
106    @ar
200 1  @a《伤寒杂病论》诵读口袋书@9《shang han za bing lun》song du kou dai shu@f张仲景著
210    @a北京@c中国中医药出版社@d2016
215    @a224页@d14cm
330    @a本书包括两部分:伤寒论和金匾要略。本书以“口袋书”的方式出版,为方便读者记忆,特意将其中的《伤寒论》大致按每十条一个段落(又细分为每五条一个小段落)进行划分,用“空行”的方式显示。
605    @a《伤寒杂病论》
690    @aR222.19@v5
690    @aR222@v4
701  0 @a张仲景@9zhang zhong jing@4著
801  0 @aCN@b江苏新华@c201505114
905    @aBZT@dR222@e4
    
    《伤寒杂病论》诵读口袋书/张仲景著.-北京:中国中医药出版社,2016
    224页;14cm
    
    
    ISBN 978-7-5132-3272-2:CNY15.00
    本书包括两部分:伤寒论和金匾要略。本书以“口袋书”的方式出版,为方便读者记忆,特意将其中的《伤寒论》大致按每十条一个段落(又细分为每五条一个小段落)进行划分,用“空行”的方式显示。
●
相关链接 在五车中查询图书 在当当中查询图书 在豆瓣中查询图书


正题名:《伤寒杂病论》诵读口袋书     索取号:R222/4         预约/预借

序号 登录号 条形码 馆藏地/架位号 状态 备注
1 802624   2000802624   第二书库/ [索取号:R222/4] 在馆    
2 802625   2000802625   第二书库/ [索取号:R222/4] 在馆    
3 802626   2000802626   第二书库/ [索取号:R222/4] 已借出,限还日期为2026.04.23
借出人:朱元恒  
 
山东省滨州职业学院图书馆 欢迎您!
大连网信软件有限公司© 版权所有